| Tag |
First Indicator |
Second Indicator |
Subfields |
| LEADER |
00000pam a2200000 a 4500 |
| 001 |
in00001799113 |
| 005 |
20151025125903.0 |
| 008 |
021024s2003 mduab b 001 0 eng |
| 010 |
|
|
|a 2002152159
|
| 020 |
|
|
|a 080187341X (acid-free paper)
|
| 035 |
|
|
|a (OCoLC)ocm50913503
|
| 040 |
|
|
|a DLC
|c DLC
|d UtOrBLW
|
| 043 |
|
|
|a n-us-ny
|
| 049 |
|
|
|a TXAM
|
| 050 |
0 |
0 |
|a F128.68.G8
|b H37 2003
|
| 082 |
0 |
0 |
|a 974.7/1
|2 21
|
| 100 |
1 |
|
|a Harris, Luther S.
|
| 245 |
1 |
0 |
|a Around Washington Square :
|b an illustrated history of Greenwich Village /
|c Luther S. Harris.
|
| 264 |
|
1 |
|a Baltimore :
|b Johns Hopkins University Press,
|c [2003]
|
| 264 |
|
4 |
|c ©2003
|
| 300 |
|
|
|a xiii, 354 pages :
|b illustrations, maps ;
|c 26 cm.
|
| 336 |
|
|
|a text
|b txt
|2 rdacontent
|
| 337 |
|
|
|a unmediated
|b n
|2 rdamedia
|
| 338 |
|
|
|a volume
|b nc
|2 rdacarrier
|
| 504 |
|
|
|a Includes bibliographical references (pages [329]-337) and index.
|
| 505 |
0 |
|
|a Rise of the square and Fifth Avenue, 1797-1852 -- Empire Ward, 1832-1878 -- Surrounding the square, 1832-1878 -- Narrow escape, 1879-1908 -- Bohemia U.S.A., 1908-1920 -- Home of the New York School, 1921-1950 -- Protest and turnabout, 1951-1978 -- Revival, 1979-2001.
|
| 651 |
|
0 |
|a Greenwich Village (New York, N.Y.)
|x History
|v Pictorial works.
|
| 651 |
|
0 |
|a Greenwich Village (New York, N.Y.)
|x History.
|
| 651 |
|
0 |
|a Washington Square (New York, N.Y.)
|x History
|v Pictorial works.
|
| 651 |
|
0 |
|a Washington Square (New York, N.Y.)
|x History.
|
| 651 |
|
0 |
|a New York (N.Y.)
|x History
|v Pictorial works.
|
| 651 |
|
0 |
|a New York (N.Y.)
|x History.
|
| 945 |
|
|
|i PromptCat
|
| 948 |
|
|
|a cataloged
|b h
|c 2003/11/26
|d c
|e dmitchel
|f 10:04:40 am
|
| 994 |
|
|
|a 92
|b TXA
|
| 999 |
|
|
|a MARS
|
| 999 |
f |
f |
|s be06649b-22a2-304f-ba3b-b8bee4b0d6be
|i 58cd43ad-f4b8-3d4b-ac69-989a9121d4a4
|t 0
|
| 952 |
f |
f |
|p normal
|a Texas A&M University
|b College Station
|c Sterling C. Evans Library
|d Evans: Library Stacks
|t 0
|e F128.68.G8 H37 2003
|h Library of Congress classification
|i unmediated -- volume
|m A14830786895
|
| 998 |
f |
f |
|a F128.68.G8 H37 2003
|t 0
|l Evans: Library Stacks
|